000 00458nam a2200145 i 4500
001 bg
245 0 _aAkustyka techniczna :
_bsłownik techniczny angielsko-niemiecko-francusko-rosyjsko-hiszpańsko-polsko-węgiersko-słowacki /
_cpod red. Waltera Reichardta.
260 _aBerlin,
_c1978.
700 1 _aReichardt, Walter.
_eRed.
040 _cBPK
041 _apol
080 _a534:681.8](03)=00
942 _cKS
008 s pl f |000 0 pol
999 _c18128
_d18128
856 _uhttp://koha.tu.koszalin.pl/cgi-bin/koha/opac-detail.pl?biblionumber=18128
_yKatalog online BPK